000 00383cam a2200157ua 4500
041 _aeng
_h
082 _a425
_bHIL/IN
100 _aHill, L A .
245 _aIntermediate refresher course /
_cL A Hill.
_hTextual Documents
250 _a1 /
_b.
260 _aLondon :
_bOxford University Press ,
_c1967.
300 _a150 ; .
504 _a
942 _cBK
999 _c8620
_d8620